Sports Quiz

Random Sports or MLB Quiz

MLB .400 Hitters Quiz Stats

 Plays Quiz Updated Sep 28, 2017

Score 0/28 Timer 07:00
4 Plays Today
Year Player % Correct
1941Ted Williams
95.1%
1911Ty Cobb
84.9%
1912Ty Cobb
84.9%
1922Ty Cobb
84.9%
1924Rogers Hornsby
49.8%
1925Rogers Hornsby
49.8%
1922Rogers Hornsby
49.8%
1901Nap Lajoie
38.3%
1911Joe Jackson
37.2%
1922George Sisler
28.5%
1920George Sisler
28.5%
1897Willie Keeler
23%
1930Bill Terry
19.3%
1899Ed Delahanty
18.1%
Year Player % Correct
1895Ed Delahanty
18.1%
1894Ed Delahanty
18.1%
1923Harry Heilmann
14%
1894Hugh Duffy
12.8%
1894Billy Hamilton
10.9%
1894Sam Thompson
9.3%
1896Jesse Burkett
8.6%
1895Jesse Burkett
8.6%
1887Tip O'Neill
7.9%
1896Hughie Jennings
7.5%
1894Tuck Turner
5.2%
1876Ross Barnes
5.2%
1887Pete Browning
5.2%
1884Fred Dunlap
3.8%

You're not logged in!

Compare scores with friends on all Sporcle quizzes.
OR
Log In

Sporcle TV

Today on Sporcle TV


Watch our educational content, quiz creation guides, and fun videos on Sporcle TV.

Show Comments

Extras

Top Quizzes Today


Score Distribution

Your Account Isn't Verified!

In order to create a playlist on Sporcle, you need to verify the email address you used during registration. Go to your Sporcle Settings to finish the process.

Report this User

Report this user for behavior that violates our Community Guidelines.

Details: